[Event "BRA-ch U26"]
[Site "Brasilia"]
[Date "2019.04.26"]
[Round "7"]
[White "Cadilhac, Igor Tokuichi Kikuc"]
[Black "De Araujo, Gabriel Victor da S"]
[Result "1-0"]
[WhiteElo "2294"]
[BlackElo "1980"]
[PlyCount "93"]
[EventDate "2019.04.23"]
[EventType "swiss"]
[EventRounds "7"]
[EventCountry "BRA"]
[SourceTitle "CBM 190 Extra"]
[Source "ChessBase"]
[SourceDate "2019.07.15"]
[SourceVersion "1"]
[SourceVersionDate "2019.07.15"]
[SourceQuality "1"]

1. e4 c5 2. Nf3 Nc6 3. d4 cxd4 4. Nxd4 g6 5. Nc3 Bg7 6. Be3 Nf6 7. Bc4 0-0 8. Bb3 d6 9. f3 Bd7 10. Qd2 Nxd4 11. Bxd4 b5 12. h4 h5 13. g4 hxg4 14. h5 gxh5 15. Bxf6 exf6 16. Qh2 Be6 17. Qxh5 Re8 18. 0-0-0 b4 19. Nd5 a5 20. Ba4 Bxd5 21. Bxe8 Bxa2 22. Ba4 Be6 23. f4 b3 24. f5 Qc7 25. c3 Bc4 26. Rdg1 Be2 27. Bxb3 Rb8 28. Bd5 a4 29. Rxg4 Kf8 30. Qh3 Bxg4 31. Qxg4 Qb6 32. Qg2 a3 33. b4 Qe3+ 34. Kc2 Rc8 35. Qd2 Qf3 36. Ra1 Qh3 37. Rxa3 Bh6 38. Qd3 Qh1 39. Ra7 Qc1+ 40. Kb3 Kg8 41. Bxf7+ Kh8 42. Bg6 Qd2 43. Rh7+ Kg8 44. Qd5+ Qxd5+ 45. exd5 Be3 46. Re7 Bf2 47. c4 1-0

[Event "BRA-ch U26"]
[Site "Brasilia"]
[Date "2019.04.26"]
[Round "6"]
[White "De Araujo, Gabriel Victor da S"]
[Black "Dobuchak, Thiago Carstens"]
[Result "1/2-1/2"]
[WhiteElo "1980"]
[BlackElo "2138"]
[PlyCount "42"]
[EventDate "2019.04.23"]
[EventType "swiss"]
[EventRounds "7"]
[EventCountry "BRA"]
[SourceTitle "CBM 190 Extra"]
[Source "ChessBase"]
[SourceDate "2019.07.15"]
[SourceVersion "1"]
[SourceVersionDate "2019.07.15"]
[SourceQuality "1"]

1. Nf3 g6 2. c4 Bg7 3. Nc3 c5 4. e3 Nf6 5. d4 cxd4 6. exd4 0-0 7. Bg5 Na6 8. Be2 Nc7 9. d5 d6 10. 0-0 Bd7 11. Re1 a6 12. a4 a5 13. Nd4 Na6 14. Rc1 Nc5 15. Bf1 Re8 16. Ndb5 Bf5 17. Be3 Rc8 18. Na7 Rc7 19. Nab5 Rc8 20. Na7 Rc7 21. Nab5 Rc8 1/2-1/2